Neglected basal cell carcinomas in the 21st century

Elmentve itt :
Bibliográfiai részletek
Szerzők: Varga Erika
Korom Irma
Raskó Zoltán
Kis Erika
Varga János
Oláh Judit Magdolna
Kemény Lajos
Dokumentumtípus: Cikk
Megjelent: Hindawi Publishing Corporation 2011
Sorozat:Journal of Skin Cancer 2011 No. N°392151
doi:10.1155/2011/392151

mtmt:1815773
Online Access:http://publicatio.bibl.u-szeged.hu/799
LEADER 00875nab a2200265 i 4500
001 publ799
005 20180720134214.0
008 120531s2011 hu o 0|| zxx d
022 |a 2090-2905 
024 7 |a 10.1155/2011/392151  |2 doi 
024 7 |a 1815773  |2 mtmt 
040 |a SZTE Publicatio Repozitórium  |b hun 
041 |a zxx 
100 1 |a Varga Erika 
245 1 0 |a Neglected basal cell carcinomas in the 21st century  |h [elektronikus dokumentum] /  |c  Varga Erika 
260 |a Hindawi Publishing Corporation  |c 2011 
300 |a 1-4 
490 0 |a Journal of Skin Cancer  |v 2011 No. N°392151 
700 0 1 |a Korom Irma  |e aut 
700 0 1 |a Raskó Zoltán  |e aut 
700 0 1 |a Kis Erika  |e aut 
700 0 1 |a Varga János  |e aut 
700 0 1 |a Oláh Judit Magdolna  |e aut 
700 0 1 |a Kemény Lajos  |e aut 
856 4 0 |u http://publicatio.bibl.u-szeged.hu/799/1/1815773_Ve_Jsc.pdf  |z Dokumentum-elérés